| 000 | 01124cam a2200361 i 4500 | ||
|---|---|---|---|
| 999 |
_c200453215 _d71427 |
||
| 001 | 997879943406676 | ||
| 003 | TR-AnTOB | ||
| 005 | 20250730104210.0 | ||
| 007 | ta | ||
| 008 | 230530s1996 xxua 001 0 eng d | ||
| 020 | _a0781702828 | ||
| 040 |
_aDNLM _beng _erda _cTR-AnTOB _dTR-AnTOB |
||
| 041 | 0 | _aeng | |
| 060 | 0 | 0 |
_aWL 348 _bM196 1996 |
| 096 |
_aWL348 _bM196 1996 |
||
| 245 | 0 | 0 |
_aMagnetic resonance imaging of the brain and spine / _ceditor, Scott W. Atlas. |
| 250 | _a2nd edition. | ||
| 264 | 1 |
_aPhiladelphia : _bRaven Press, _cc1996. |
|
| 264 | 4 | _c©1996 | |
| 300 |
_axviii, 1675 pages : _billustrations. |
||
| 336 |
_atext _btxt _2rdacontent |
||
| 337 |
_aunmediated _bn _2rdamedia |
||
| 338 |
_avolume _bnc _2rdacarrier |
||
| 500 | _aIncludes index. | ||
| 650 | 1 | 2 |
_aBrain Diseases _xdiagnosis _9142244 |
| 650 | 1 | 2 |
_aMagnetic Resonance Imaging _932657 |
| 650 | 2 | 2 |
_aSpinal Cord _xpathology _9142247 |
| 650 | 2 | 2 |
_aSpinal Diseases _xdiagnosis _9142249 |
| 650 | 2 | 0 |
_aSpine _xpathology _9142252 |
| 700 | 1 |
_aAtlas, Scott W., _d1955- _eeditor _9142256 |
|
| 942 |
_2NLM _cBK |
||